00531nam a22001697a 450000500170000001000150001702000260003203500140005803700130007208200140008510000150009924501000011426000500021427000540026430000210031850000220033920180621110459.0 aENG-123266 a9788120771741c300.00 aEN-106798 bDBAD/PUB a070.50954 aGhai, S.K. aFace to face with Indian publishing professionals:cby S. K. Ghaiba collection of interviews / aNew DelhibInstitute of Book Publishingc2012 aA-59, Okhla Industrial Area, Phase-II,bNew Delhi a172p.c21cm(pbk) aIt includes index